Collected Tales, Sketches, Speeches, & Essays 1852 - 1890
में बचाया:
| मुख्य लेखक: | |
|---|---|
| स्वरूप: | पुस्तक |
| भाषा: | Undetermined |
| प्रकाशित: |
New York, Estados Unidos
The Library of America
1992
|
| विषय: | |
| टैग: |
टैग जोड़ें
कोई टैग नहीं, इस रिकॉर्ड को टैग करने वाले पहले व्यक्ति बनें!
|
MARC
| LEADER | 00000nam a2200000Ia 4500 | ||
|---|---|---|---|
| 008 | 170316s9999 xx 000 0 und d | ||
| 040 | |a cru BVZT | ||
| 090 | |a E-810 T-1c | ||
| 100 | |a Twain, Mark | ||
| 245 | |a Collected Tales, Sketches, Speeches, & Essays 1852 - 1890 | ||
| 260 | |a New York, Estados Unidos | ||
| 260 | |b The Library of America | ||
| 260 | |c 1992 | ||
| 300 | |a 1076 páginas | ||
| 650 | |a LITERATURA ESTADOUNIDENSE - COLECCIÓN ESPECIAL | ||
| 650 | |a ESCRITOS CORTOS | ||
| 999 | |c 13301 |d 13301 | ||
| 942 | |c 15 D |h E-810 T-1c |2 z | ||
